01034 2200325 4500001002100000005001500021035002000036007000300056008004100059020002200100082001400122084001600136100002800152245012700180250003400307300005200341650002400393700002600417700002800443504003100471264003200502336002100534337003000555338002300585040002200608090002200630850001200652999002200664990002200686INLIS00000000088695420240529124245 a0010-0524000785ta240529s2024 yoia g 000 | ind d a978-623-02-7829-704223a627.2 a627.2 ELI k0 aEli NurlaelaePengarang10aKesesuaian teknis pelabuhan perikanan nusantara :bstudi kasus di PPN Karangantu /cEli Nurlaela, Saharuddin, Aman Saputra aCetakan Pertama, Januari 2024 avi, 84 halaman :bgambar, tabel, bagan ;c23 cm 4aPelabuhan--xTeknik0 aSaharuddinePengarang0 aAman SaputraePengarang aBibliografi: halaman 68-7431aSleman :bDeepublish,c2024 2rdacontentateks 2rdamediaatanpa perantara 2rdacarrieravolume aYOPDYOGbinderda aCB-D.11 2024-0734 aYOPDYOG aCB-D.11/2024-0734 aCB-D.11/2024-0734